| 000 | 01327nam a2200349 i 4500 | ||
|---|---|---|---|
| 001 | 45835 | ||
| 003 | ES-MaACL | ||
| 005 | 20251211162635.0 | ||
| 007 | t| | ||
| 008 | 030327s1980 sp ae |||| | spa d | ||
| 020 | _a84-252-0983-8 | ||
| 100 | 1 |
_aCollins, George R. _939732 |
|
| 245 | 1 | 0 |
_aCamillo Sitte y el nacimiento del urbanismo moderno / _cGeorge R. Collins y Christiane C. Collins ; [versión castellana de Rosa Barba] . _bConstrucción de ciudades según principios artísticos / Camillo Sitte ; [versión castellana de Emilio Canosa]. |
| 246 | 3 | _aConstrucción de ciudades según principios artísticos | |
| 260 |
_aBarcelona : _bGustavo Gili, _c[1980] |
||
| 300 |
_a462 p. : _bil. planos ; _c25 cm. |
||
| 490 | 1 | _aBiblioteca de arquitectura | |
| 500 | _aÍndice. | ||
| 504 | _aBibliografía: p. 429-451. | ||
| 534 |
_pLa segunda obra, reprod. facs. de la ed. de: _cBarcelona : Canosa, 1926. |
||
| 600 | 1 | 4 |
_aSitte, Camillo. _9164299 |
| 650 | 4 |
_aUrbanismo- _yS.XX. _917711 |
|
| 655 | 7 |
_2tgfbne _9226495 _aFacsímiles |
|
| 700 | 1 |
_aCollins, Christiane C. _939730 |
|
| 700 | 1 |
_aBarba, Rosa. _925361 |
|
| 700 | 0 |
_aCanosa, Emilio _934587 |
|
| 700 | 1 |
_aSitte, Camillo. _9164299 |
|
| 830 | 1 |
_aBiblioteca de arquitectura _9182009 |
|
| 852 | 4 |
_aES-MaACL _jL-9214 |
|
| 942 | _2udc | ||
| 999 |
_c45835 _d45835 |
||